| 000 | 00729nam a22001937a 4500 | ||
|---|---|---|---|
| 999 |
_c12068 _d12068 |
||
| 003 | AR-CdUCM | ||
| 008 | 190405b ||||| |||| 00| 0 spa d | ||
| 040 |
_aMUNICIPALIDAD PROVINCIAL DEL CUSCO _cBIBLIOTECA MUNICIPAL DEL CUSCO |
||
| 082 |
_aEP / 803.3 / _bC71 |
||
| 100 |
_aColchado Lucio, Oscar _913556 |
||
| 245 |
_aLos dioses de Chavín : _bAventuras de Juanito Huaylas / |
||
| 260 |
_aLima : _bAsociación Prisma, |
||
| 300 |
_a32 paginas _c29 cm. |
||
| 505 | _aContenido :El dios rayo -- Kakaramaq roba el fuego divino -- A devorarles las entrañas -- Hacia el pachap sapin -- La profecía de la cabeza clava ... | ||
| 650 |
_aHistorietas _910786 |
||
| 650 |
_aCuentos peruanos _97 |
||
| 942 |
_2ddc _cLIBROS |
||
| 945 | _arum | ||